Pokémon - Les attaques de Gloupti - Statistiques

Statistiques générales
  • Ce quiz a été pris 25 fois
    13 depuis la dernière actualisation
  • Le résultat moyen est 11 sur 16
Statistiques - réponses
Niveaux Types Noms des attaques % Correct
Niveau 28 Normal Avale
89%
Niveau 33 Poison Bomb-Beurk
89%
Départ Normal Écras'Face
89%
Niveau 8 Poison Gaz Toxik
89%
Niveau 28 Normal Relâche
89%
Niveau 28 Normal Stockage
89%
Niveau 25 Poison Toxik
89%
Niveau 49 Poison Détricanon
78%
Niveau 10 Poison Détritus
78%
Niveau 17 Poison Bombe Acide
56%
Niveau 41 Poison Éructation
56%
Niveau 36 Poison Suc Digestif
56%
Niveau 12 Psy Amnésie
44%
Niveau 5 Normal Bâillement
44%
Niveau 20 Normal Encore
33%
Niveau 44 Normal Balance
11%
Aucun quiz correspondant
Distribution des résultats
% des personnes avec chaque résultat
Percentile par nombre de réponses
Votre historique - résultats
Vous n’avez pas pris ce quiz depuis la dernière actualisation